banner-ar

تمويل الاصلاح الاقتصادى فى مصر : (Record no. 65851)

MARC details
000 -الفاتح
حقل البيانات ثابتة الطول 01314nam a22003017a 4500
005 - وقت وتاريخ اخر تعامل مع التسجيلة
رقم الضبط 20240530110846.0
008 - عناصر البيانات ثابتة الطول - معلومات عامة
حقل البيانات ثابتة الطول 200912s2020 ua a f b 000 0dara d
017 ## - رقم الايداع القانونى
رقم الايداع القانونى 2019/16209
المصدر ( الهيئة المختصة) مصر. دار الكتب
020 ## - الرقم الدولى المعيارى للكتب
الرقم الدولى المعيارى للكتاب 9789779950253
040 ## - مصدر الفهرسة
وكالة الفهرسة الأصلية EG-CaGPL
وكالة النسخ EG-CaGPL
082 04 - رقم تصنيف ديوى العشرى
رقم الطبعة 21
رقم التصنيف 338.962\
رقم المادة ق/م ت
100 0# - المدخل الرئيسى - إسم شخصى
الإسم الشخصى محمد سعيد العزب
245 10 - بيان العنوان
العنوان تمويل الاصلاح الاقتصادى فى مصر :
بقية العنوان بين التمويل الوطنى ومؤسسات التمويل الدولى /
بيان المسئوليه,etc محمد سعيد العزب
250 ## - بيان الطبعة
بيان الطبعة ط.1
260 ## - PUBLICATION, DISTRIBUTION, ETC. (IMPRINT)
تاريخ النشر أو التوزيع 2020
300 ## - الوصف المادى
التعداد 328 ص. ؛
أبعاد الوعاء 24 سم.
504 ## - تبصرة ببليوجرافية
تبصرة ببليوجرافية,الخ يشتمل على ارجاعات ببليوجرافية
650 07 - المدخل الاضافى بالموضوع-مصطلح موضوعى
مصطلح موضوعي برنامج الاصلاح الاقتصادى لمصر لعام 1991
650 07 - المدخل الاضافى بالموضوع-مصطلح موضوعى
مصطلح موضوعي برنامج الاصلاح الاقتصادى لمصر لعام 2016
650 07 - المدخل الاضافى بالموضوع-مصطلح موضوعى
مصطلح موضوعي بنك مصر
التقسيم الفرعي العام تاريخ
650 07 - المدخل الاضافى بالموضوع-مصطلح موضوعى
مصطلح موضوعي التمويل الدولى
التقسيم الفرعي الجغرافي مصر
650 07 - المدخل الاضافى بالموضوع-مصطلح موضوعى
مصطلح موضوعي التمويل المحلى
التقسيم الفرعي الجغرافي مصر
650 07 - المدخل الاضافى بالموضوع-مصطلح موضوعى
مصطلح موضوعي الصناعات الاهلية
651 07 - المدخل الاضافى بالموضوع - اسم جغرافى
مصدر الرأس أو المصطلح qrmak
الاسم الجغرافي مصر
التقسيم الفرعي العام الاصلاح الاقتصادى
700 0# - المدخل الاضافى - اسم شخصى
الإسم الشخصى محمد حرب
الدور مترجم ومقدم
942 ## - عناصر المدخل الإضافي( كوها)
مصدر التصنيف او مخطط الترفيف Dewey Decimal Classification
Koha [default] item type كتاب
260 ## - PUBLICATION, DISTRIBUTION, ETC. (IMPRINT)
-- القاهرة :
-- المصرية للنشر والتوزيع،
Holdings
حالة التراجع حالة الفقد حالة تلف ليس للاعارة المكان المؤقت الموقع الحالى موقع الترفيف تاريخ الاكتساب اجمالي اﻻعارات رقم الطلب الباركود تاريخ اخر مشاهدة تاريخ تفعيل السعر نوع وعاء كوها
        مكتبة القاهرة الكبرى مكتبة القاهرة الكبرى   10/11/2020   338.962\ ق/م ت 166972 10/05/2022 10/11/2020 كتاب

Powered By

EGPV